00977cam a2200265 i 450000100090000000300040000900500170001300800410003001000170007102000380008804000280012604200080015405000220016208200190018410000290020324500950023226400490032730000230037633600260039933700280042533800270045350400510048060000380053177601420056918707140OSt20181210152408.0150720s2015 ilu b 001 0 eng  a 2015027565 a9780830824663 (pbk. : alk. paper) aDLCbengcDLCerdadDLC apcc00aBT203b.S753 201500a232223bS912J1 aStrauss, Mark L.,d1959-10aJesus behaving badly :bthe puzzling paradoxes of the man from Galilee /cMark L. Strauss. 1aDowners Grove, Illinois :bIV Books,c[2015] a221 pages ;c21 cm atextbtxt2rdacontent aunmediatedbn2rdamedia avolumebnc2rdacarrier aIncludes bibliographical references and index.00aJesus ChristxPerson and offices.08iOnline version:aStrauss, Mark L., 1959-tJesus behaving badlydDowners Grove : InterVarsity Press, 2015z9780830898114w(DLC) 2015028876